Tập viết 3 T1
Đã lưu trong:
| 企業作者: | |
|---|---|
| 格式: | 圖書 |
| 出版: |
Hà Nội
Giáo dục Việt Nam
2016
|
| 主題: | |
| 標簽: |
添加標簽
沒有標簽, 成為第一個標記此記錄!
|
| Thư viện lưu trữ: | Trung tâm Học liệu Lê Vũ Hùng, Trường Đại học Đồng Tháp |
|---|
| LEADER | 00660pam a22002178a 4500 | ||
|---|---|---|---|
| 001 | 00039297 | ||
| 005 | 20171026081025.0 | ||
| 008 | 170518s2016 ||||||Viesd | ||
| 041 | 0 | # | |a Vie |
| 082 | 1 | # | |a 372.63 |b T123V |
| 110 | |a Bộ Giáo dục & Đào tạo | ||
| 245 | 0 | 0 | |a Tập viết 3 |n T1 |
| 260 | # | # | |a Hà Nội |b Giáo dục Việt Nam |c 2016 |
| 300 | # | # | |a 44tr. |c 29 cm |
| 653 | # | # | |a Tập Viết |
| 852 | # | # | |b Kho mượn |j KM.0021490 |
| 852 | # | # | |b Kho đọc |j KD.0020483 |
| 852 | # | # | |j KD.0020483 |j KM.0021490 |
| 910 | |d 18/05/2017 | ||
| 980 | # | # | |a Trung tâm Học liệu Lê Vũ Hùng, Trường Đại học Đồng Tháp |